Statistics for Kanye West - Vultures (tracklist)

Click here to take the quiz!

General Stats

  • This quiz has been taken 486 times
  • The average score is 13 of 16

Answer Stats

Track Number / Feautured ArtistsSong% Correct
12 (ft. Rich The Kid & Playboi Carti)Carnival
97%
1Stars
93%
4 (ft. North West)Talking
93%
11 (ft. Bump J & Lil Durk)Vultures
89%
9Burn
87%
5 (ft. Freddie Gibbs)Back to Me
86%
16King
84%
10 (ft. Playboi Carti & Travis Scott)Fuk Sumn
81%
8 (ft. Quavo)Paperwork
79%
15Problematic
76%
7 (ft. YG)Do It
74%
13 (ft. Chris Brown)Beg Forgiveness
73%
3Paid
73%
14Good (Don't Die)
71%
6Hoodrat
71%
2Keys to My Life
71%

Score Distribution

Percentile by Number Answered

Percent of People with Each Score

Your Score History

You have not taken this quiz